000 00446nam a22001217a 4500
999 _c10093
_d10093
003 OSt
008 201218b ||||| |||| 00| 0 eng d
245 _aIndian Journal of Science and Technology
250 _a2013(Jul Vol.6 No.7, Aug Vol.6 No.8, Sep Vol.6 No.9, Oct Vol.6 No.10, Nov Vol.6 No.11, Dec Vol.6 No.12)
260 _aChennai, Tamil Nadu
_bIndian Society for Education and Environment
650 _aInformation Technology
942 _2ddc
_cBV